|
|
|
|
| LEADER |
00604cam a2200205ua 4500 |
| 008 |
060815t1997||||||||||| 00 ||eng c |
| 020 |
|
|
|a 81-7177-072-X
|
| 041 |
0 |
|
|a eng
|
| 082 |
|
|
|a 346.540 438
|b MOG/I
|
| 100 |
0 |
|
|a Mogha,, P.C.
|
| 245 |
1 |
0 |
|a Indian Conveyancer /
|
| 250 |
|
|
|a 11th ed.
|
| 260 |
|
|
|a Calcutta:
|b Eastern Law House,
|c 1997.
|
| 300 |
|
|
|a xxxii, 990p..
|
| 362 |
1 |
|
|a 1997.
|
| 365 |
|
|
|a Rs.475/-
|e Pb
|
| 650 |
0 |
|
|a Conveyance
|
| 942 |
|
|
|c BK
|
| 999 |
|
|
|c 7501
|d 7501
|
| 952 |
|
|
|0 0
|1 0
|4 0
|6 346_540000000000000_438_MOG
|7 0
|9 7846
|a KUCL
|b KUCL
|d 2014-05-23
|l 0
|o 346.540 438 MOG/
|p 00751
|r 2014-05-23
|w 2014-05-23
|y BK
|